[Event "Stay Safe Play From Home 299"]
[Site "Emanuel Lasker Arena"]
[Date "2020.07.13"]
[Round "1"]
[White "Broken sword"]
[Black "Chase the sun"]
[Result "1-0"]
[WhiteElo "2411"]
[BlackElo "1812"]
[Annotator "TA"]
[PlyCount "57"]
[EventDate "2020.07.13"]
[EventType "swiss (blitz)"]

{[%evp 19,57,26,43,0,36,-20,0,0,17,11,17,0,80,34,35,24,98,73,155,153,148,117,154,4,260,122,110,26,620,604,609,586,1007,991,1203,1225,5891,5615,29994,29995]} 1. e4 e6 2. d4 d5 3. Nd2 Nf6 4. e5 Nfd7 5. Bd3 c5 6. c3 Nc6 7. Ne2 cxd4 8. cxd4 f6 9. exf6 Nxf6 10. Nf3 Bd6 11. Bg5 {C06: French Tarrasch: 3...Nf6 4 e5 Nfd7 5 Bd3 main lines.} Qc7 12. Qc2 (12. O-O $14) 12... O-O 13. O-O {The position is equal.} Nb4 14. Qxc7 Bxc7 15. Bb1 {[#]} Ne4 $146 (15... Nc6 $11 {remains equal.}) ({Predecessor:} 15... Bd7 16. Nc3 Bb6 17. h3 Nc6 18. Be3 Nh5 19. Rd1 Nf4 20. Ne1 Ne7 21. Bc2 Nfg6 {½-½ (66) Vyskocil,N (2315)-Cech,P (2332) Czech Republic 2018}) 16. Be3 Nc6 17. a3 e5 (17... Nf6 $11 {keeps the balance.}) 18. Rd1 Bg4 {[#]} (18... Nf6 $142) 19. dxe5 $1 $16 {[%mdl 64] Discovered Attack} Rxf3 20. gxf3 Bxf3 21. Nd4 ({Better is} 21. Rxd5 $16 {Threatens to win with Ba2.} Ng3 22. hxg3 (22. fxg3 Bxd5 23. Nf4 Bb3 $14) 22... Bxd5 23. f4) 21... Nxe5 $2 {[%mdl 8192]} (21... Bxd1 $11 {and Black stays safe.} 22. Ba2 Ba4 23. Bxd5+ {[%mdl 64] Double Attack} Kh8 24. Bxe4 Bxe5 25. Nxc6 Bxc6 26. Bxc6 bxc6) 22. Ba2 (22. Nxf3 $18 {has better winning chances.} Nxf3+ {[%mdl 64] Discovered Attack} 23. Kg2 Nh4+ 24. Kh3) 22... Bxd1 23. Rxd1 (23. Bxd5+ $16 Kh8 24. Rxd1) 23... Rf8 $2 {[%mdl 8192]} (23... Nf6 $11) 24. Bxd5+ $18 {[%mdl 64] [#] Double Attack} Kh8 25. Bxe4 h6 26. Ne6 {[%mdl 64] Double Attack, Discovered Attack} Re8 27. Nxc7 Nf3+ 28. Bxf3 Rxe3 29. fxe3 {Accuracy: White = 39%, Black = 30%.} 1-0

[Event "Stay Safe Play From Home 299"]
[Site "Emanuel Lasker Arena"]
[Date "2020.07.13"]
[Round "1"]
[White "Mepe_Nika"]
[Black "Bardellosport"]
[Result "1-0"]
[WhiteElo "2403"]
[BlackElo "2050"]
[Annotator "TA"]
[PlyCount "125"]
[EventDate "2020.07.13"]
[EventType "swiss (blitz)"]

{[%evp 9,124,40,85,86,93,66,101,60,120,35,60,29,28,16,168,36,59,65,65,20,156,157,158,161,247,236,300,297,287,177,166,85,90,0,272,266,266,256,210,168,168,168,168,161,161,154,161,161,277,146,146,146,146,146,146,139,354,353,338,331,256,129,129,129,129,129,137,137,889,889,1979,1765,11280,5293,11822,10995,6658,1779,29974,29974,29982,29983,29983,29984,29984,29985,29986,29986,29986,29987,29988,29987,29990,29991,29991,29992,29992,29993,29995,29996,29996,29996,29997,29996,29996,29997,29998,29997,29997,29998,29998,29997,29997,29998,29998,29999,29999]} 1. d4 d6 2. e4 g6 3. Nf3 Bg7 4. Bd3 c6 5. O-O b5 {[#]} 6. a4 $146 {B06: Modern Defence.} ({Predecessor:} 6. d5 a6 7. dxc6 Nxc6 8. a4 b4 9. Bc4 Nf6 10. e5 dxe5 11. Qxd8+ Kxd8 12. Ng5 Kc7 13. Nxf7 {0-1 (44) Di Chiara,M (1964)-David,B (2062) Barcelona 2017}) 6... b4 7. Nbd2 a5 8. Nc4 {White is better.} Nd7 (8... Nf6 $14) 9. b3 (9. Re1 $16) 9... Nb6 10. Bb2 Nxc4 11. Bxc4 Be6 $2 {[#]} (11... Nf6 $11 {and Black is okay.}) 12. Qe2 (12. Bxe6 $18 fxe6 13. Ng5) 12... Bxc4 13. Qxc4 Rc8 14. c3 e6 (14... bxc3 $11 {keeps the balance.} 15. Bxc3 (15. Qxc3 Nf6 $11) 15... Nf6) 15. cxb4 $16 axb4 16. Qxb4 d5 (16... Ne7 {was worth a try.} 17. a5 O-O) 17. exd5 $18 cxd5 18. Qb5+ Qd7 19. Qxd7+ Kxd7 20. Rfc1 (20. b4 $18) 20... Ne7 $16 21. Ne5+ (21. b4 $16) 21... Ke8 $2 {[%mdl 8192]} (21... Bxe5 $1 $11 {and Black has nothing to worry.} 22. dxe5 Rxc1+ 23. Bxc1 Nc6) 22. Rxc8+ Nxc8 23. Rc1 Bxe5 24. Rxc8+ Kd7 25. Rxh8 Bxh8 $18 {[%mdl 4096] Endgame KB-KB} 26. Kf1 Kc6 27. b4 Kb6 28. Ke2 f6 (28... Bf6 $142 29. Kd3 Be7) 29. f4 ({White should play} 29. Ba3 $18) 29... Bg7 $16 30. Kd3 Bf8 31. Bc3 Kc6 32. g4 h6 $2 (32... f5 $16) 33. f5 $18 exf5 34. gxf5 g5 35. Kc2 (35. b5+ $18 Kb6 36. h3) 35... Bd6 36. h3 h5 {[#] aiming for ...g4.} 37. b5+ Kb6 {And now ...g4 would win.} 38. Kd3 g4 $2 {[%mdl 8192]} (38... Ba3 $16 39. Ke3 Bd6) 39. hxg4 hxg4 40. Ke2 g3 41. Kf3 Kb7 42. Be1 Kb6 43. Bxg3 Bb4 44. Bh4 {White mates.} Bc3 45. Bxf6 Bb4 46. Be5 Bf8 47. f6 Bh6 48. f7 Bf8 49. Kg4 Ka5 50. Kf5 Kb4 51. b6 Kc3 52. b7 Bb4 53. b8=Q Kd3 54. Qxb4 Kc2 55. Qb5 Kd1 56. Qxd5 Ke2 57. Qg2+ Ke1 58. d5 Kd1 59. d6 Ke1 60. Qh2 Kd1 61. Qf2 Kc1 62. Qe2 Kb1 63. Qb2# {Accuracy: White = 59%, Black = 44%.} 1-0

[Event "Stay Safe Play From Home 299"]
[Site "Emanuel Lasker Arena"]
[Date "2020.07.13"]
[Round "1"]
[White "SoulofWolf"]
[Black "Klasman"]
[Result "1-0"]
[WhiteElo "2196"]
[BlackElo "1315"]
[Annotator "TA"]
[PlyCount "43"]
[EventDate "2020.07.13"]
[EventType "swiss (blitz)"]

{[%evp 9,43,33,39,35,17,-4,66,69,68,16,15,0,43,-125,-68,-63,-56,-62,-41,-130,-118,-132,-139,-219,-174,-150,-82,-208,-193,-253,-250,-306,-214,-200,43,44]} 1. f4 f5 2. d3 Nf6 3. Nc3 d5 4. e4 fxe4 5. dxe4 dxe4 6. Qxd8+ {A02: Bird's Opening.} Kxd8 7. Be3 {[#]} Nc6 $146 ({Better is} 7... Bf5 $11) ({Predecessor:} 7... Bf5 8. O-O-O+ Nbd7 9. h3 h5 10. g3 e6 11. Bg2 a6 12. Bd4 Bd6 13. Nge2 Ke7 {0-1 (39) Dette,J (2004)-Quast,M (2220) Gelsenkirchen 2016}) 8. O-O-O+ $14 {[%mdl 1024] White has compensation.} Bd7 $1 9. h3 (9. Nh3 $14) 9... e6 $11 10. g4 Bb4 11. Nb1 $2 {[#]} (11. Nge2 $14 {keeps the upper hand.}) 11... Nd5 (11... h5 $17 12. gxh5 Ne7) 12. Bf2 $15 Nxf4 13. a3 Ba5 14. b4 (14. Ne2 $15 Nxe2+ 15. Bxe2) 14... Bb6 $17 15. Bxb6 axb6 16. Kb2 (16. Ne2 $17 Nxe2+ 17. Bxe2) 16... Ke7 17. Nc3 Ra7 ({Black should try} 17... Ne5 {Strongly threatening ...Rhf8.} 18. Nxe4 Bc6) 18. Nxe4 (18. Nb5 $17 {is a better defense.}) 18... Rha8 $19 19. Ra1 {[#]} (19. b5 {might work better.}) 19... Nxb4 $1 {[%mdl 576] Threatens to win with ...Bc6. Pin} 20. Nf3 (20. axb4 Rxa1) 20... Nfd5 21. Bc4 c6 $2 (21... Ne3 $19 22. Bb3 Nbd5) 22. axb4 {Accuracy: White = 30%, Black = 42%.} 1-0

[Event "Stay Safe Play From Home 299"]
[Site "Emanuel Lasker Arena"]
[Date "2020.07.13"]
[Round "1"]
[White "Lamborghini"]
[Black "Cirovicz"]
[Result "1-0"]
[WhiteElo "2152"]
[BlackElo "1939"]
[Annotator "TA"]
[PlyCount "65"]
[EventDate "2020.07.13"]
[EventType "swiss (blitz)"]

{[%evp 9,65,0,31,12,1,0,0,0,0,8,75,62,143,135,167,144,227,220,386,372,775,762,731,692,945,916,1117,1087,1310,856,865,834,2616,2800,2341,518,1975,0,1301,640,1327,1341,2372,889,1157,591,1016,502,1004,770,764,717,2235,2064,29991,1837,29990,29991]} 1. e4 e6 2. d4 c5 3. Nc3 cxd4 4. Qxd4 Nc6 5. Qe3 Bb4 6. Bd2 {C01: French: Exchange Variation.} Nf6 7. O-O-O O-O $1 8. a3 {[#] The position is equal.} Ba5 $146 ({Predecessor:} 8... Bxc3 9. Bxc3 a6 10. Nh3 b5 11. b4 Qe7 12. Be2 a5 13. Bxb5 axb4 14. Bxb4 Nxb4 15. axb4 {0-1 (39) Guzowski,A-Filewicz,P Bialystok 2010}) 9. Qg3 Ne8 (9... d5 $11) 10. f4 f5 (10... a6 $14) 11. exf5 $1 $16 Rxf5 12. Bd3 $36 {[%mdl 2048] Black is under strong pressure.} Rf7 (12... Rf8 $16 13. Nf3 Nf6) 13. Nf3 $18 d5 $2 (13... Rf8 {was necessary.} 14. Kb1 Nf6) 14. Ng5 {[%mdl 64] Double Attack} Rc7 $2 (14... Nf6 15. Qh4 g6 16. Nxf7 Kxf7) 15. Bxh7+ Kf8 16. Qh4 Nf6 17. Bg6 {Intending Qh8+ and mate.} Ke7 18. Rhe1 d4 19. Nce4 Bxd2+ 20. Rxd2 Nxe4 21. Nxe4+ Kd7 22. Nc5+ {[%mdl 64] Double Attack, Discovered Attack} Kd6 23. Ne4+ Kd7 $1 24. Qh7 (24. Qf2 $142 Qh8 25. Rxd4+ Ke7 26. Rd6) 24... Qe7 25. f5 e5 26. Qh5 (26. f6 $142 Qe6 27. f7) 26... b5 27. Ng5 {And now f6! would win.} b4 {[#]} 28. a4 (28. f6 $142 $1 {[%mdl 512] Strongly threatening Qh3+.} gxf6 (28... Qxf6 29. Ne4) 29. Qh3+ f5 30. Bxf5+ Kd8 31. Qh8+ Qe8 32. Qf6+ Re7 33. Bg6) 28... b3 (28... Rb7 $142 29. Ne6 Rb6 30. Nxd4 Kc7 31. Nb5+ Kb8) 29. c3 Rb7 30. Ne6 Qxe6 31. fxe6+ Kxe6 32. Qf5+ (32. Rxd4 $142 Rd7 33. Rc4 Rd5 34. Rxc6+ Kd7 35. Be8+ Kd8 36. Rxe5 Be6 37. Rxd5+ Bxd5 38. Qxd5+ {[%mdl 64] Double Attack} Kxe8 {[#]} 39. Rc7 $1 {[%mdl 576] Discovered Attack} g6 40. Qxa8#) 32... Ke7 33. Rxe5+ {White took control after the opening. Accuracy: White = 57%, Black = 25%.} 1-0

[Event "Stay Safe Play From Home 299"]
[Site "Emanuel Lasker Arena"]
[Date "2020.07.13"]
[Round "1"]
[White "Souchov"]
[Black "Weltszmerc"]
[Result "0-1"]
[WhiteElo "2033"]
[BlackElo "2170"]
[Annotator "TA"]
[PlyCount "26"]
[EventDate "2020.07.13"]
[EventType "swiss (blitz)"]

{[%evp 9,26,40,50,22,25,-82,-80,-89,-47,-69,-70,-79,-85,-64,-64,-889,-874,-875,-853]} 1. e4 Nf6 2. e5 Nd5 3. d4 Nb6 4. Nf3 d6 5. Bd3 g6 6. c3 {B04: Alekhine's Defence: 4 Nf3.} Bg7 {[#]} 7. e6 $146 (7. O-O $11 {remains equal.}) ({Predecessor:} 7. Bf4 Nc6 8. Qd2 Bg4 9. exd6 cxd6 10. Bh6 O-O 11. Bxg7 Kxg7 12. Qf4 Bxf3 13. Qxf3 e5 {0-1 (34) Krosenbrink,M (1860)-Essing,A (2279) Germany 2007}) 7... Bxe6 $17 8. O-O {Black is better.} c6 9. Ng5 Bd7 10. a4 a5 11. Qf3 {[%csl Gg5][%cal Rf3f7] [#]} O-O $1 12. Qh3 $2 {[%mdl 8192]} (12. Qg3 $15) 12... Bxh3 $19 13. Nxh3 e5 {Accuracy: White = 38%, Black = 84%.} 0-1

[Event "Stay Safe Play From Home 299"]
[Site "Emanuel Lasker Arena"]
[Date "2020.07.13"]
[Round "1"]
[White "Haxhi Baha"]
[Black "Lazieri3"]
[Result "0-1"]
[WhiteElo "2015"]
[BlackElo "2060"]
[Annotator "TA"]
[PlyCount "108"]
[EventDate "2020.07.13"]
[EventType "swiss (blitz)"]

{[%evp 9,108,41,58,56,46,0,30,0,0,0,0,0,0,0,29,0,0,0,23,0,70,23,26,37,47,44,42,38,53,53,59,54,343,341,341,340,343,338,336,335,379,318,338,321,445,191,177,181,187,181,185,182,185,138,135,93,111,93,139,65,56,28,26,0,0,-154,-63,-60,-45,-88,38,0,197,200,281,10,32,10,86,11,176,116,168,152,149,0,65,0,705,0,0,0,0,0,0,0,0,0,0,0,0]} 1. e4 c6 2. Nf3 d5 3. Nc3 {[%cal Bb1c3,Bc3e4,Be4g5][%mdl 32]} dxe4 4. Nxe4 Nd7 5. Bc4 Ndf6 6. Neg5 {B11: Caro-Kann: Two Knights Variation.} e6 7. Qe2 Bd6 8. d4 {White has an edge.} h6 9. Ne4 Nxe4 10. Qxe4 Nf6 11. Qe2 {[#]} b6 $146 ({Predecessor:} 11... b5 12. Bd3 Bb7 13. Bd2 a6 14. O-O-O Qc7 15. Kb1 Nd5 16. Ne5 c5 17. c4 bxc4 18. Nxc4 cxd4 {½-½ (68) Braun,C (2408)-Eliet,N (2410) Belgium 2010}) 12. Bd2 Bb7 13. O-O-O Qc7 14. Rhe1 Bf4 (14... O-O $11) 15. g3 Bxd2+ 16. Rxd2 O-O-O 17. Ba6 Bxa6 18. Qxa6+ Qb7 19. Qc4 Kb8 20. Ne5 Rhf8 $2 {[%mdl 8192]} (20... Rc8 $14) 21. Nxc6+ $18 {[%mdl 64] Double Attack} Ka8 {aiming for ...Rc8.} 22. Nxd8 Rxd8 23. c3 Rc8 24. Qd3 Nd5 25. Qe4 Qa6 26. Kb1 Qb5 27. Qd3 (27. Rc2 $142) 27... Nxc3+ 28. Ka1 Qxd3 29. Rxd3 {[%mdl 4096] Endgame KRR-KRN} Nd5 30. a3 Kb7 31. f4 Rc2 32. Rh1 a5 33. Ka2 a4 34. f5 (34. h4 $16) 34... exf5 $14 35. Rf3 (35. Kb1 $5 {[%cal Rb1c2]} Re2 36. Rdd1 $14) 35... g6 36. g4 f4 37. h4 $2 (37. Rh3 $11) 37... g5 (37... Rg2 $17 38. g5 hxg5 39. hxg5 Rxg5) 38. hxg5 hxg5 39. Rh7 {[#]} Ne3 ({Better is} 39... Rc7 $1 $17 {Strongly threatening ...f5!} 40. Rh6 Rd7) 40. Rxf7+ Ka6 $2 (40... Rc7 $11 {and Black has nothing to worry.} 41. Rf8 Rc8 42. Rxc8 Kxc8) 41. Rg7 $18 Nc4 {[#]} (41... Rh2 $142 42. Rxg5 Nc4) 42. Rxg5 $2 ({White has to play} 42. Rc3 $1 $18 {[%cal Rc3c2]} Rxc3 43. bxc3) 42... Rxb2+ $11 43. Ka1 Rd2 (43... Rg2 $11) 44. Rc3 (44. Rf5 $16) 44... Na5 $2 (44... Rxd4 $11 {and Black stays safe.} 45. Rf5 b5) 45. Rf5 (45. d5 $18) 45... Nb3+ (45... f3 $16) 46. Kb1 $18 {Black must now prevent Rc4.} Rxd4 {intending ...f3.} 47. g5 (47. Rc8 $16) 47... f3 (47... Rd1+ $11 48. Kc2 Rd2+ 49. Kb1 Rd1+ 50. Kc2 Rd2+ 51. Kb1 Rd1+) 48. Rfxf3 (48. Rc8 $14) 48... Rg4 $2 {[%mdl 8192]} (48... Nd2+ $11 49. Kc2 Nxf3 50. Rxf3 Rc4+ 51. Kd2 Rg4) 49. Rxb3 $2 (49. Rg3 $18 Rd4 50. g6) 49... axb3 $11 {The position is equal.} 50. Rxb3 Rxg5 $18 {KR-KR} 51. Kb2 $1 Rg1 52. a4 Rg2+ 53. Ka3 Rh2 54. Re3 Rh1 {[%mdl 32768] Accuracy: White = 44%, Black = 49%. . Loss on time!?} 0-1

[Event "Stay Safe Play From Home 299"]
[Site "Emanuel Lasker Arena"]
[Date "2020.07.13"]
[Round "1"]
[White "Greblha"]
[Black "Justwatch"]
[Result "0-1"]
[WhiteElo "1906"]
[BlackElo "1588"]
[Annotator "TA"]
[PlyCount "80"]
[EventDate "2020.07.13"]
[EventType "swiss (blitz)"]

{[%evp 9,79,23,28,1,33,3,8,4,14,6,30,29,18,-37,-33,-29,-23,-37,-20,-33,-12,-78,-64,-92,-82,-85,-67,-74,-50,-66,-18,-52,0,0,0,-64,-40,-156,-144,-408,-91,-431,-300,-301,-290,-299,-162,-147,-70,-135,-15,-25,0,0,0,0,0,0,0,0,0,-7,0,-45,0,-156,-59,-65,-59,-29997,-29998,-29999]} 1. e4 Nf6 2. e5 Nd5 3. d4 d6 4. exd6 cxd6 5. c3 Nf6 6. Bc4 {B03: Alekhine's Defence: Four Pawns Attack.} g6 {[#]} 7. Ne2 $146 ({Predecessor:} 7. Bg5 Bg7 8. Qc1 h6 9. Bd2 Nc6 10. Ne2 d5 11. Bd3 e5 12. O-O Qb6 13. Re1 {0-1 (31) Dolansky,L (2102)-Miesbauer,J (2321) Klatovy 2016}) 7... Bg7 8. O-O {The position is equal.} O-O 9. Bg5 Nbd7 10. Nd2 a6 {[%cal Ba7a6,Ba6a5,Ba5a4][%mdl 32]} 11. Nf3 (11. a4 $11) 11... b5 $15 12. Bb3 Nb6 13. h4 a5 14. Ng3 Bg4 15. h5 (15. Re1 $11 {keeps the balance.}) 15... a4 16. Bxf6 exf6 17. Bc2 Nc4 18. hxg6 fxg6 19. b3 axb3 (19... Na3 {is more complex.} 20. Bd3 d5 21. Re1 Rc8 22. Qd2 Bxf3 23. gxf3 f5) 20. axb3 {[#] Black must now prevent Rxa8.} Rxa1 (20... Na3 $15) 21. Qxa1 $11 Nb6 22. Nd2 (22. Qa5 $11) 22... Nd5 23. f3 (23. b4 $15) 23... Bd7 24. Nge4 $2 {[%mdl 8192]} (24. Rf2 $17 {was necessary.}) 24... Qc7 $2 (24... b4 $19 25. Bd3 Nf4) 25. c4 $2 {[%mdl 8192]} (25. b4 $17) 25... bxc4 26. bxc4 Ne3 27. Rc1 Nxc2 (27... f5 $142 28. Ng3 f4) 28. Rxc2 $19 Bc6 (28... f5 $17 29. Nf2 Be6) 29. Qc3 (29. c5 $15) 29... Bxe4 (29... Qe7 $17 {Strongly threatening ...f5.} 30. Qb4 Rd8) 30. fxe4 Qb6 31. c5 dxc5 32. Qc4+ Kh8 33. Qxc5 Qb7 34. Qc6 Qb4 35. Qc4 Qa3 36. d5 Qg3 37. d6 $2 (37. Nf3 $11) 37... f5 ({Black should try} 37... Qxd6 $17 38. Nf3 Bh6) 38. d7 Qe1+ 39. Kh2 $2 {[%mdl 8192] [#]} (39. Nf1 $15 fxe4 40. Kh2) 39... Be5+ 40. Kh3 Qg3# {Accuracy: White = 40%, Black = 56%.} 0-1

[Event "Stay Safe Play From Home 299"]
[Site "Emanuel Lasker Arena"]
[Date "2020.07.13"]
[Round "1"]
[White "NeatFox"]
[Black "AChessPlayer"]
[Result "0-1"]
[WhiteElo "1856"]
[BlackElo "2334"]
[Annotator "TA"]
[PlyCount "54"]
[EventDate "2020.07.13"]
[EventType "swiss (blitz)"]

{[%evp 9,53,-143,-71,-137,-116,-141,-111,-128,-125,-129,-126,-481,-441,-468,-438,-664,-656,-655,-653,-749,-506,-537,-527,-998,-891,-839,-549,-528,-514,-29985,-5259,-29991,-2060,-1918,0,-29991,-2006,-29992,-29993,-29993,-29993,-29993,-29994,-29998,-29999,-29999]} 1. g4 d5 2. Bg2 c6 3. c4 dxc4 4. Qa4 Bxg4 5. Qxc4 {[#]} Bc8 $146 (5... Nf6 $142 6. h3 Bh5) ({Predecessor:} 5... Nf6 6. d3 e5 7. Bg5 Nbd7 8. Bxf6 Nxf6 9. h3 Be6 10. Qc3 Qb6 11. a3 Nd5 12. Bxd5 cxd5 {0-1 (25) Fernandez,Q (1455)-Yanushkevich,E ICCF email 2019}) 6. Qb3 {A00: Irregular Openings.} (6. d4 $142) 6... Nf6 7. Nc3 Nbd7 {[%cal Bb8d7,Bd7e5,Be5d3][%mdl 32]} 8. d4 {Black is better.} e5 9. dxe5 Nxe5 10. e4 $2 {[%mdl 8192]} (10. Nf3 $17 Bd6 11. Bg5) 10... Nd3+ 11. Kf1 Bc5 (11... Qd4 $2 12. Be3 $19) 12. Be3 (12. Nd1 $142 Be6 13. Qc3) 12... Bxe3 $19 13. fxe3 Ng4 14. Nd1 O-O 15. Nf3 Be6 16. Qxb7 Bc4 17. Kg1 Nde5 18. Nxe5 Nxe5 19. Nc3 {[#]} (19. Qb4 $19 Qg5 20. h4 Nf3+ 21. Kf2 Nxh4 22. Rxh4 Qxh4+ 23. Kg1) 19... Qg5 $1 {[%mdl 512]} 20. Kf2 Qf6+ (20... Ng4+ $142 21. Kg3 Qe5+ 22. Kh4 Nxe3 23. Raf1 g5+ 24. Kh3 Be6+ 25. Rf5 Qf4 {[%mdl 64] Pin} 26. Qxf7+ Rxf7 {[%mdl 64] Pin} 27. Rg1 Qh4#) 21. Kg3 Qg5+ $40 {[%mdl 128] Black is up to no good.} (21... Rab8 $19 22. h3 Rxb7) 22. Kf2 f5 (22... Ng4+ $142 23. Kg3 Qe5+ 24. Kh4 Nxe3 25. Rhf1 g5+ 26. Kh3 Be6+ 27. Rf5 Qf4 {[%mdl 64] Pin} 28. Qxf7+ Rxf7 {[%mdl 64] Pin} 29. Bh1 Qh4#) 23. exf5 Rxf5+ {Black mates.} 24. Ke1 Qxe3+ 25. Kd1 Rd8+ 26. Kc2 Qd2+ {[%mdl 64] Double Attack} 27. Kb1 Bd3# {Black took control after the opening. Accuracy: White = 28%, Black = 54%.} 0-1

[Event "Stay Safe Play From Home 299"]
[Site "Emanuel Lasker Arena"]
[Date "2020.07.13"]
[Round "1"]
[White "Trotsky"]
[Black "Sfantul321"]
[Result "0-1"]
[WhiteElo "1583"]
[BlackElo "2010"]
[Annotator "NA RC"]
[PlyCount "58"]
[EventDate "2020.07.13"]
[EventType "swiss (blitz)"]

1. d4 {[%emt 0:00:01]} g6 {[%emt 0:00:00]} 2. e3 {[%emt 0:00:01]} Bg7 {[%emt 0:00:00]} 3. c4 {[%emt 0:00:01]} d6 {[%emt 0:00:00]} 4. Nc3 {[%emt 0:00:01]} Nf6 {[%emt 0:00:00]} 5. Nf3 {[%emt 0:00:01]} O-O {[%emt 0:00:00]} 6. Bd3 {[%emt 0:00:01]} Bg4 {[%emt 0:00:01]} 7. Qc2 {[%emt 0:00:01]} Bxf3 {[%emt 0:00:02]} 8. gxf3 {[%emt 0:00:01]} Nc6 {[%emt 0:00:00]} 9. Bd2 {[%emt 0:00:01]} e5 {[%emt 0:00:01]} 10. a3 {[%emt 0:00:01]} exd4 {[%emt 0:00:01]} 11. Ne4 {[%emt 0:00:02]} dxe3 {[%emt 0:00:02]} 12. Bxe3 {[%emt 0:00:01]} Ne5 {[%emt 0:00:01]} 13. O-O-O {[%emt 0:00:01]} Nxd3+ {[%emt 0:00:01]} 14. Qxd3 {[%emt 0:00:01]} h6 {[%emt 0:00:02]} 15. h4 {[%emt 0:00:02]} Nh5 {[%emt 0:00:02]} 16. Rdg1 {[%emt 0:00:03]} Kh7 {[%emt 0:00:01]} 17. Ng5+ {[%emt 0:00:01]} hxg5 {[%emt 0:00:02]} 18. hxg5 {[%emt 0:00:01]} Kg8 {[%emt 0:00:02]} 19. Rh4 {[%emt 0:00:03]} Qe7 {[%emt 0:00:02]} 20. Rgh1 {[%emt 0:00:01]} Qe5 {[%emt 0:00:02]} 21. Qc2 {[%emt 0:00:09]} f5 {[%emt 0:00:01]} 22. f4 {[%emt 0:00:03]} Qe4 {[%emt 0:00:02]} 23. Qb3 {[%emt 0:00:03]} Rf7 {[%emt 0:00:05]} 24. c5 {[%emt 0:00:06]} d5 {[%emt 0:00:02]} 25. c6 {[%emt 0:00:03]} bxc6 {[%emt 0:00:01]} 26. R1h3 {[%emt 0:00:09]} Qc4+ {[%emt 0:00:02]} 27. Qxc4 {[%emt 0:00:02]} dxc4 {[%emt 0:00:00]} 28. Bc5 {[%emt 0:00:02]} Re8 {[%emt 0:00:02] '} 29. Kc2 {[%emt 0:00:01]} Re2+ {[%emt 0:00:01] Âðåìÿ (Lag: Av=0.28s, max=0.8s) .} 0-1

[Event "Stay Safe Play From Home 299"]
[Site "Emanuel Lasker Arena"]
[Date "2020.07.13"]
[Round "2"]
[White "Broken sword"]
[Black "SoulofWolf"]
[Result "1-0"]
[WhiteElo "2412"]
[BlackElo "2197"]
[Annotator "TA"]
[PlyCount "83"]
[EventDate "2020.07.13"]
[EventType "swiss (blitz)"]

{[%evp 9,83,34,29,20,47,54,49,47,69,82,63,72,191,66,94,65,71,44,122,99,120,102,94,90,99,92,100,95,96,94,96,95,91,97,93,23,66,55,50,47,41,-16,81,64,130,61,184,116,125,114,123,14,11,15,290,286,296,271,282,266,304,296,385,366,451,443,551,481,512,226,208,-644,209,8,5,5]} 1. e4 c6 2. d4 d5 3. Nc3 dxe4 4. Nxe4 Nf6 5. Nxf6+ exf6 6. c3 {B15: Caro-Kann: 3 Nc3: 3...g6 and 3...dxe4 4 Nxe4 Nf6 5 Nxf6+ exf6.} Be7 7. Bd3 O-O 8. Qc2 {White is slightly better.} (8. Ne2 {is interesting.} f5 9. Qc2 g6 10. h4 h5 11. g3) 8... g6 9. h4 {[#]} f5 $146 ({Predecessor:} 9... Re8 10. Ne2 Bf8 11. h5 Qe7 12. Be3 Be6 13. Nf4 f5 14. g4 Bh6 15. O-O-O Bxf4 16. Bxf4 Nd7 17. hxg6 fxg6 18. gxf5 Bxf5 19. Bxf5 gxf5 20. Qxf5 Rf8 {1-0 (20) Etchegaray,P (2367)-Zubia Aramburu,M (1695) San Sebastian 2016}) 10. h5 Nd7 (10... Be6 $16) 11. Ne2 (11. hxg6 $18 hxg6 {[#]} 12. Bxf5 $1 {[%mdl 512]}) 11... Nb6 12. Bh6 Re8 13. O-O-O Nd5 (13... Bg5+ $1 $14 14. Bxg5 Qxg5+ {[%mdl 64] Double Attack} 15. Qd2 Qxd2+ 16. Kxd2 Nd5) 14. hxg6 $16 fxg6 {[#]} 15. g4 $1 {[%cal Rg4f5][%mdl 512]} Bg5+ (15... fxg4 16. Bxg6) 16. Kb1 {[%cal Rg4f5]} Bxh6 17. Rxh6 Qg5 18. Rdh1 Re7 19. gxf5 Bxf5 20. Bxf5 Qxf5 21. Qxf5 gxf5 22. Rg1+ (22. Nc1 $16) 22... Kh8 23. Ng3 Rg8 {And now ...f4 would win.} 24. Rgh1 Rg5 25. Nh5 (25. a3 $14) 25... Rf7 (25... Rg6 $11 26. Rxg6 hxg6) 26. c4 $36 {[%mdl 2048] White has some pressure.} Nb4 (26... Nc7 $14) 27. Nf6 (27. Re6 $16) 27... Rgg7 (27... Kg7 $1 $14) 28. a3 ({Better is} 28. d5 $18) 28... Nd3 29. R1h2 Nf4 30. d5 ({White should try} 30. Ka2 $16) 30... cxd5 $1 $11 31. cxd5 {Threatens to win with d6.} a6 $2 {[%mdl 8192]} (31... Rg1+ $1 $11 {and Black has nothing to worry.} 32. Ka2 Kg7) 32. d6 $18 Ne6 33. d7 Nd8 34. Kc2 Nc6 35. Kc3 a5 36. f4 b5 37. b4 a4 38. R2h5 Nd8 39. Rxf5 (39. Kd4 $142) 39... Rg6 40. Re5 $4 {[%mdl 8192]} (40. Rxg6 $18 hxg6 41. Re5 (41. Rxb5 Rxf6 42. Rb8 Rf8 $11)) 40... Rgxf6 $4 {[%mdl 8192]} (40... Rxh6 $19 {and all is fine.} 41. Nh5 Rc6+ 42. Kb2 Re6) 41. Re8+ $2 (41. Rxf6 $18 Rxf6 42. Re8+ {[%mdl 64] Double Attack} (42. Rxb5 Rd6 $17) 42... Kg7 43. Rxd8) 41... Kg7 $11 42. Rxf6 {[%mdl 32768] What a bad dream for Black. Accuracy: White = 46%, Black = 35%. . Loss on time!?} 1-0